000 00899nam a22002897a 4500
003 OSt
005 20191029062536.0
008 180307b xxu||||| |||| 00| 0 spa d
020 _a8460415910
040 _cPJ
245 _aArgentina evolución macroeconómica financiación externa y cambio político :
_ben la década de los 80.
260 _aMadrid :
_bFundación Cedeal,
_c1992.
300 _a222 p.
490 _aSituación Latinoamericana
650 0 _9300
_aECONOMIA POLITICA
650 0 _9316
_aECONOMIA ARGENTINA
650 0 _aSISTEMA FINANCIERO
_9298
650 0 _9701
_aDEUDA PUBLICA
650 0 _9551
_aCREDITO PUBLICO
700 _9317
_aDamill, Mario
700 _9318
_aFrenkel, Roberto
700 _9319
_aBouzas, Roberto
700 _9320
_aKeifman, Saul
700 _9321
_aFontana, Andres
700 _9322
_aLLenderrozas, Elsa
942 _2udc
_cLIB
_h336.13
_iARG
999 _c274
_d274